Capitales en B (Click quiz) - Statistiques

Statistiques générales
  • Ce quiz a été pris 443 fois
  • Le résultat moyen est 18 sur 25
Statistiques - réponses
Hint Réponse % Correct
Argentine Buenos Aires
92%
Allemagne Berlin
91%
Suisse Berne
91%
Brésil Brasilia
91%
Belgique Bruxelles
90%
Thaïlande Bangkok
88%
Colombie Bogota
86%
Irak Bagdad
85%
Liban Beyrouth
84%
Roumanie Bucarest
84%
Mali Bamako
80%
Hongrie Budapest
80%
Slovaquie Brastislava
79%
Serbie Belgrade
78%
Guinée-Bissau Bissau
73%
Congo Brazzaville
72%
Azerbaïdjan Bakou
69%
Afrique du Sud (Judiciaire) Bloemfontein
57%
Kirghizistan Bichkek
56%
Barbade Bridgetown
56%
Brunei Bandar Seri Begawan
55%
Belize Belmopan
49%
Saint-Christophe-et-Niévès Basseterre
44%
République Centrafricaine Bangui
43%
Gambie Banjul
42%
Aucun quiz correspondant
Distribution des résultats
% des personnes avec chaque résultat
Percentile par nombre de réponses
Votre historique - résultats
Vous n’avez pas pris ce quiz